HAHAHAHA - Statistics

General Stats
  • This quiz has been taken 5 times
  • The average score is 1 of 25
Answer Stats
Hint Answer % Correct
Tyler the creator album Chromakopia
40%
Biggest worldwide outbreak of the last 30 years Covid
40%
Angkor Watt Cambodia
20%
Geometry dash level that gives you 9 stars for beating Cycles
20%
What people who play kit are producing on brawl stars Cancer
0%
Movie about a man with a hook Candyman
0%
Annoying hit rap song in 2005 from a rapper with a number in their name Candyshop
0%
“You cop it live boy I got in on film” CANT SAY
0%
Larry Fitzgerald Cardinals
0%
Fast food chain that ranks #28 out of the 50 most common places to eat in the United states Carls Jr
0%
“Got my kids in a fake school, we ain’t-“ Carnival
0%
Iconic childhood movie with Owen Wilson Cars
0%
2nd most populated city in Wyoming Casper
0%
Jimmy carter's response to the Second Sudanese Civil war in 1995 Ceasefire
0%
Chicago rapper who is often seen in kit kat ads or SNL Chance the rapper
0%
14th most populated city in the US Charlotte
0%
Animal found in Africa and Iran Cheetah
0%
College deshaun watson went to in South Carolina Clemson
0%
“Pour that bubbly” Codeine crazy
0%
3rd brawler added from a brawl pass Colette
0%
Washington redskins new name Commanders
0%
Origin of hip hop on the west coast Compton
0%
This brawler marked the downfall of brawl stars bro Cordelius
0%
Animal that is found in freshwater and tropical areas, also produced a legendary meme video in 2018 Crab
0%
"Back with andre the giant, Mr Elephant Tusk" Crack a bottle
0%
No matching quizzes found
Score Distribution
Percent of People with Each Score
Percentile by Number Answered
Your Score History
You have not taken this quiz